00349nam a2200133Ia 4500008004100000040001900041041001200060082001500072245005500087260002700142300002400169650000800193850001400201131103s9999 xx 000 0 und d aLoreto College aEnglish aREFbLCBED aSome origins, History and uses of spices and herbs aEnglandb[s.l.]c[19?] a12p.b pic.c 22cm. aREF aLCBED/REF